Online
Catalog

Essential idioms in English, for the foreign born : (Record no. 1599)

MARC details
000 -CABECERA
campo de control de longitud fija 00617cam a2200181 a 4500
001 - NÚMERO DE CONTROL
campo de control 000001721
005 - FECHA Y HORA DE LA ÚLTIMA TRANSACCIÓN
campo de control 20200929145657.0
008 - DATOS DE LONGITUD FIJA--INFORMACIÓN GENERAL
campo de control de longitud fija 790718s1951 nyua 000 0 eng
040 ## - FUENTE DE LA CATALOGACIÓN
Centro catalogador/agencia de origen DO-SdBNP
Lengua de catalogación spa
Centro/agencia transcriptor BNPHU
082 ## - NÚMERO DE LA CLASIFICACIÓN DECIMAL DEWEY
Número de clasificación 428.24
Número de documento/Ítem D621e
100 1# - ENTRADA PRINCIPAL--NOMBRE DE PERSONA
Nombre de persona Dixson, Robert J.
Forma completa/desarrollada del nombre (Robert James Dixon),
Fechas asociadas al nombre 1920-2003.
9 (RLIN) 5598
245 10 - MENCIÓN DE TÍTULO
Título Essential idioms in English, for the foreign born :
Resto del título with exercises for practice and tests /
Mención de responsabilidad, etc. Robert J. Dixson.
260 ## - PUBLICACIÓN, DISTRIBUCIÓN, ETC.
Lugar de publicación, distribución, etc. New York, :
Nombre del editor, distribuidor, etc. Regents,
Fecha de publicación, distribución, etc. 1951.
300 ## - DESCRIPCIÓN FÍSICA
Extensión iv, 138 p. :
Otras características físicas il. ;
Dimensiones 21 cm.
490 0# - MENCIÓN DE SERIE
Mención de serie American classics
830 #0 - PUNTO DE ACCESO ADICIONAL DE SERIE-TÍTULO UNIFORME
Título uniforme American classics.
9 (RLIN) 5599
910 ## - DATOS DE OPCIÓN DEL USUARIO (OCLC)
Datos de opción del usuario SUPRESSED
Holdings
Estado de retiro Estado de pérdida Restricciones de uso No para préstamo Código de colección Localización permanente Ubicación/localización actual Ubicación en estantería Fecha de adquisición Número de inventario Total de préstamos Signatura topográfica completa Código de barras Fecha visto por última vez Precio válido a partir de Tipo de ítem Koha
    Préstamo interno   Monografías: Libros y Folletos General General Depósito 07.09.2009 LF1   428.24 D621e 1721-10 25.06.2020 25.06.2020 Préstamo interno

Powered by Koha